1261 1858 1363 1038 1374 1732 1894 1964 1667 1283 1990 1318 1179 1634 1732 1011 1214 1399 1635 1785 1416 1536 1471 1621 1168 1102 1588 1135 1681 1617 1364 1404 1497 1156 1241 1142 1459 1967 1179 1066 1492 1506 1589 1848 1411 1682 1094 1355 1890 1724 1453 1789 1545 1841 1343 1071 1076 1916 1218 1935 1229 1405 1703 1915 1272 1725 1505 1637 1269 1774 1385 1447 1421 1126 1126 1269 1678 1679 1435 1975 1231 1432 1212 1786 1546 1092 1404 1392 1903 1465 1580 1385 1410 1639 1657 1552 1312 1625 1052 BCNSPRNW ULIB Ver.6.0+V

เปลี่ยนเป็นภาษาไทย

Change to English
 แสดงรายละเอียดบรรณานุกรม
  กลับหน้าหลัก

Brief Record : Get Marc (ISO 2709) : E-mail record : QR code < ปิดหน้าต่าง
LEADER : 00000nam 2200000uu 4500
001    13399126091
003     ULIB
008    020711s2018 th a 000 0 eng d
020    ^a9780323525091
060    ^aQV39^bS257
245    ^aSaunders Nursing Drug Handbook 2018
260    ^aLouis, Missouri :^bElsevier Limited,^c2018
300    ^a1322 pages;^b21 cm
650    ^aNursing Pharmacology^xNursing Drug
945    ^p1130^l0^i004099
999    ^aประนอม เกษจรัล
รายการนี้ยังไม่มีแท็ก
คุณยังไม่ได้ล็อกอิน คุณสามารถมีกิจกรรมร่วมกับเว็บไซต์ได้ แต่ต้องล็อกอินก่อน ::
  ล็อกอิน

รายการสื่อสารสนเทศ

ลำดับที่ ประเภท เลขเรียก/บาร์โค้ด สถานที่ สถานะ
1. วิทยาศาสตร์การแพทย์ และสุขภาพ
หนังสือสำรอง
สถานะ=หนังสือสำรอง
QV39 S257 ฉ.1 
  Barcode: 004099
ห้องสมุดวิทยาเขตสวรรค์ประชารักษ์
►หนังสือทั่วไป
บนชั้น

รายการใกล้เคียง
    ชื่อเรื่อง [Saunders Nursing Drug Handbook 2018]

BibComment


ยังไม่เคยถูกคอมเมนท์

คอมเมนท์ทรัพยากรรายการนี้
  คอมเมนท์: Saunders Nursing..


 Copyright 2026. Bcnsprnw @Library